000
00243nam a2200097Ia 4500
001
832097
005
20250826172348.0
008
250824s9999 xx 000 0 und d
245
0
_a
DOMBİLİ VE NİNE
_c
JUDITH KERR
260
_b
HEP KİTAP YAYINLARI
999
_c
832097
_d
832097